宁夏回族自治区小测验-Ningxia Hui AR Quiz - Statistics

General Stats
  • This quiz has been taken 24 times
  • The average score is 10 of 15
Answer Stats
提示 答案 % Correct
首府城市 银川市
95%
相邻的省级行政区 陕西省
95%
相邻的省级行政区 内蒙古自治区
95%
相邻的省级行政区 甘肃省
95%
这座山脉是昆仑山脉余脉,横亘宁夏西北部 {贺兰}山脉
90%
宁夏的汉方言主要是这两种官话 {中原}官话
85%
宁夏黄河平原因黄河水利灌溉事业发展而有这两个美誉 塞上江南
85%
这种宁夏特产属茄科,果实、根皮及嫩叶可入中药 枸杞
85%
这个城市是全国西气东输的战略通道,有“中国气脉”之称 中卫
85%
宁夏的汉方言主要是这两种官话 {兰银}官话
80%
宁夏回族自治区在这一年成立 1958
75%
这座重要的水利设施位于黄河上游,于1978年建成 {青铜峡}水电站
45%
这条河流是宁夏回族自治区汇入黄河的最大支流 清水河
10%
宁夏回族自治区最早和日本的这个县缔结友好关系 岛根县
10%
宁夏黄河平原因黄河水利灌溉事业发展而有这两个美誉 鱼米之乡
5%
No matching quizzes found
Score Distribution
Percent of People with Each Score
Percentile by Number Answered
Your Score History
You have not taken this quiz